| 000 | 00733nam a2200193 i 4500 | ||
|---|---|---|---|
| 001 | 138230 | ||
| 003 | ES-MaACL | ||
| 005 | 20240511063035.0 | ||
| 007 | t| | ||
| 008 | 070214s1910 sp r ||||1| spa d | ||
| 100 | 1 |
_aSánchez de Toca, Joaquín, _d1852-1942 _9102598 |
|
| 245 | 1 | 3 |
_aEl movimiento antimilitarista en Europa _b: discusión en la Real Academia de Ciencias Morales y Políticas / _cJ. Sánchez de Toca. |
| 260 |
_aMadrid : _b[s. n.], _c1910 ( _fImp. del Asilo de Huérfanos del S. C. de Jesús) |
||
| 300 |
_aXI, 116 p. ; _c18 cm. |
||
| 650 | 0 | 4 |
_aPacifismo. _915784 |
| 710 | 2 |
_aReal Academia de Ciencias Morales y Políticas (España) _9222050 |
|
| 852 |
_aES-MaACL _jT-1232-F-1 |
||
| 999 |
_c138230 _d138230 |
||